The Final Earth 2 Buildings by Picture - Statistics

General Stats
  • This quiz has been taken 4 times
  • The average score is 43 of 127
Answer Stats
Picture Answer % Correct
Alien House
100%
Basic House
67%
Alien Decryptor
33%
Alien Farm
33%
Alien Flowers Zoo
33%
Alien Nightclub
33%
Aquarium
33%
Arcade
33%
Art Colony
33%
Blossom Hippies Center
33%
Blossom Hut
33%
Blossom Restaurant
33%
Botanical Gardens
33%
Bridge
33%
Carrot Juice Bar
33%
Christmas Market
33%
Christmas Tree
33%
City Hall
33%
Commune Hall
33%
Community House
33%
Computer Chip Factory
33%
Computing Research Center
33%
Cozy House
33%
Cutting-Edge House
33%
Dome Blossom Restaurant
33%
Dome Botanical Gardens
33%
Dome Otherworldly Gardens
33%
Dome Tree Plantation
33%
Eco Farm
33%
Experimental Farm
33%
Experimentation Lab
33%
Exploration Center
33%
Factory Pub
33%
Farm By-Product Processor
33%
Feather Alliance Outpost
33%
Feather Alliance Statue
33%
Festival HQ
33%
Fitness Park
33%
Floating Platform
33%
Flower Penthouse
33%
Flower School
33%
Friends of the Key
33%
Futuristic Home
33%
Ghostly Garden
33%
Graphene Factory
33%
Graphene Lab
33%
Hacker School
33%
Hackers of the Bolt HQ
33%
Haunted Hovel
33%
Haunted Laboratory
33%
Herb Garden
33%
High-Speed Rail
33%
Holo Game Hall
33%
Horror Game Hall
33%
Hyper Elevator
33%
Indoor Farm
33%
Indoor Landing Pad
33%
Intergalactic Library
33%
Lab
33%
Lab Escape Room
33%
Landed Exploration Ship
33%
Landing Pad
33%
Library
33%
Living Research Center
33%
Loft Apartment
33%
Machine Parts Factory
33%
Mansion
33%
Mechanical House
33%
Medical Clinic
33%
Mining Research Center
33%
Misdirector
33%
Modern Art Museum
33%
Modern Rustic Home
33%
Museum of Space Fossils
33%
Nightclub
33%
Observatory
33%
Oldest Tree in the Universe
33%
Otherworldly Gardens
33%
Otherworldly Zoo
33%
Park
33%
Park Bridge
33%
Park Pod
33%
Party House
33%
Pioneers' Hut
33%
Pond Park
33%
Pond Pod
33%
Pub
33%
Redwood Tree
33%
Redwood Tree House
33%
Refined Metals Factory
33%
Reinforced Bridge
33%
Research Craft
33%
Restaurant
33%
Rocket Fuel Factory
33%
Rocket Launch Platform
33%
Rock Teleporter
33%
Rooftop Park
33%
School
33%
Science Museum
33%
Scrapyard Nightclub
33%
Sculpture Garden
33%
Secret Library
33%
Secret Society of the Key
33%
Space Ship Tunnel
33%
Spacious House
33%
Specialized Medical Clinic
33%
Statue of Happiness
33%
Statue of the Key
33%
Stone Mine
33%
Supercomputer
33%
Superheated Refinery
33%
Teleporter
33%
The Beacon
33%
The Machine
33%
Tinkerers' House
33%
Train Station
33%
Tree Hugger Base
33%
Tree Plantation
33%
Underwater House
33%
Upscale Restaurant
33%
Villa
33%
Volunteers' Center
33%
Wizard Hat Cafe
33%
Woodcutting Center
33%
Wooden Bridge
33%
Wooden House
33%
Workshop
33%
No matching quizzes found
Score Distribution
Percent of People with Each Score
Percentile by Number Answered
Your Score History
You have not taken this quiz